| 000 | 00724cam a22002533a 4500 | ||
|---|---|---|---|
| 001 | 5160 | ||
| 003 | PGUSA | ||
| 005 | 20140828083114.0 | ||
| 008 | 040201s2004||||xxu|||||s|||||000 | eng d | ||
| 040 |
_aPGUSA _beng |
||
| 042 | _adc | ||
| 050 | 4 | _aPB | |
| 245 | 1 | 4 |
_aThe Mabinogion _h[electronic resource] |
| 260 |
_bProject Gutenberg, _c2004 |
||
| 506 | _aPublic domain in the USA. | ||
| 516 | _aElectronic text | ||
| 653 | _aTales -- Wales | ||
| 653 | _aWelsh literature -- 1100-1400 -- Translations into English | ||
| 653 | _aMythology, Celtic -- Wales | ||
| 700 | 1 |
_aSchreiber, Charlotte, Lady, _d1812-1895 |
|
| 830 | 0 |
_aProject Gutenberg _v5160 |
|
| 856 | 4 | 0 | _uhttp://www.gutenberg.org/ebooks/5160 |
| 942 | _cEB | ||
| 999 |
_c234489 _d234489 |
||